000 01028nam a22003257a 4500
003 CHAP
005 20220329133452.0
008 971013s1992 r 00010 d
010 _a6726
011 _a7698
035 _a6922
040 _cCHAP
090 _aFolleto 14182
100 0 0 _aMollis, Marcela.
_977436
245 _aEstado y obligatoriedad escolar
_b: una mirada histórica sobre Argentina y Japón
260 _a(Buenos Aires) :
_bCentro de Estudios de América Latina,
_c1992
300 _a47 p.
490 _aMonografía
_v; 10
590 _aBATCH-UPD
_b10
_c20130110
_lUCH01
_h1927
590 _aBATCH-UPD
_b10
_c20130410
_lUCH01
_h1251
590 _aBATCH-UPD
_b10
_c20130914
_lUCH01
_h1235
590 _aCONVERSION
_b10
_c20130109
_lUCH01
_h1305
650 1 4 _aEducación y Estado.
_935689
650 1 4 _aEducación
_xArgentina.
_935412
650 1 4 _aEducación
_xJapón.
_935459
830 0 _aMonografía
_v; 10
_977546
901 _aBK
942 _cFOLL
949 _aFolleto 14182
_bBC
_cFOLL
_d-16617
_eTS1
_i6922
_si
999 _c6726
_d6726